000
00305nam a2200145Ia 4500
100
_a
Patil/Manoj R
942
_c
BK
366
_f
20
654
_a
pentaho
245
_a
Pentaho for big data analytics
260
_b
PACKT
_c
2013
082
_a
5.3
_b
PAT
300
_a
102
546
_a
ENGLISH
_c
electronics
999
_c
32168
_d
32168